| 000 | 00631nam a22001697a 4500 | ||
|---|---|---|---|
| 999 |
_c9896 _d9896 |
||
| 008 | 180720b ||||| |||| 00| 0 eng d | ||
| 082 |
_22018 _aUT 0896 _bS17 |
||
| 100 |
_929240 _aSalming, Kit Ivan J. |
||
| 245 |
_aCharacterizing the psychology of time perspective : an exploratory study / _cSalming, Kit Ivan, Arevalo, Ruth, Alabado, Novie Kay. |
||
| 260 |
_aDigos City: _bUMDC _cMarch 2018. |
||
| 300 |
_a79 pages ; _b30 cm. |
||
| 650 | 0 |
_929241 _aBS Pscyhology _vPsychology _xUndergraduate thesis. |
|
| 700 |
_929242 _aSalming, Kit Ivan |
||
| 700 |
_929243 _aArevalo, Ruth |
||
| 700 |
_929244 _aAlabado, Novie Kay |
||
| 942 |
_2ddc _cUT |
||